|
|
|
|
| LEADER |
01010naa a2200217 i 4500 |
| 001 |
acta76791 |
| 005 |
20221108130822.0 |
| 008 |
221104s2021 hu o 1|| eng d |
| 020 |
|
|
|a 978-963-306-789-5
|
| 040 |
|
|
|a SZTE Egyetemi Kiadványok Repozitórium
|b hun
|
| 041 |
|
|
|a eng
|
| 100 |
1 |
|
|a Pichat Pierre
|
| 245 |
1 |
0 |
|a Viability of TiO2-based self-cleaning glass
|h [elektronikus dokumentum] :
|b What can be deduced from prolonged field experiments and life cycle assessment? /
|c Pichat Pierre
|
| 260 |
|
|
|a University of Szeged
|b Szeged
|c 2021
|
| 300 |
|
|
|a 3-4
|
| 490 |
0 |
|
|a Proceedings of the 5th International Conference on NPM and the 6th International Conference on PAOT
|
| 650 |
|
4 |
|a Természettudományok
|
| 650 |
|
4 |
|a Kémiai tudományok
|
| 695 |
|
|
|a Fotokatalízis - előadáskivonat
|
| 710 |
|
|
|a Proceedings of the 5th International Conference on NPM and the 6th International Conference on PAOT (2021) (Szeged)
|
| 856 |
4 |
0 |
|u http://acta.bibl.u-szeged.hu/76791/1/npm_005_paot_006_003-004.pdf
|z Dokumentum-elérés
|